000 01306nam a22003497a 4500
003 CHAP
005 20260216140552.0
008 110203s2010 mx r 00010 spa d
010 _a100428
011 _a101400
035 _a112088
040 _cCHAP
090 _aTesis
100 1 _aAguilar Ortega, Francisco
245 1 0 _aEvolución reciente y estado actual del aprovechamiento del agua subterránea de la llanura de Rioverde, San Luis Potosi, México /
_cpor Francisco Aguilar Ortega
264 1 _aSan Luis Potosí, S.L.P. :
_bEl autor,
_c2010.
300 _av, 123 h. :
502 _bDoctor en Ciencias en Ciencias Ambientales.
_cUASLP. Facultad de Ciencias Químicas, Ingeniería y Medicina,
_d2010.
590 _aALEPH
_b10
_c20130110
590 _aBATCH-UPD
_b10
_c20130110
590 _aBATCH-UPD
_b10
_c20130410
590 _aBATCH-UPD
_b10
_c20130914
590 _aBATCH-UPD
_b10
_c20140324
590 _aBATCH-UPD
_b10
_c20141002
590 _aBATCH
_b00
_c20181121
590 _aCONVERSION
_b10
_c20130109
650 1 4 _aAgua subterranea
_xSan Luis Potosi.
650 1 4 _aAgua
_xAprovechamiento
_zSan Luis Potosi.
650 1 4 _aEvolución.
942 _cTESIS
_2Clasificación Universidad Autónoma Chapingo
949 _aTesis
_bBC
_cTES
_d33724002232835
_eTS1
_gDonaciØn
_h51915
_i112088
_sb
999 _c100428
_d100428